LEADER 03936nam 22005415 450 001 9910484092303321 005 20260318221526.0 010 $a3-030-03146-2 024 7 $a10.1007/978-3-030-03146-6 035 $a(CKB)4100000007279082 035 $a(MiAaPQ)EBC5625034 035 $a(DE-He213)978-3-030-03146-6 035 $a(PPN)243771347 035 $a(MiAaPQ)EBC29184404 035 $a(EXLCZ)994100000007279082 100 $a20181220d2019 u| 0 101 0 $aeng 135 $aurcnu|||||||| 181 $ctxt$2rdacontent 182 $cc$2rdamedia 183 $acr$2rdacarrier 200 10$aInternational Conference on Intelligent Data Communication Technologies and Internet of Things (ICICI) 2018 /$fedited by Jude Hemanth, Xavier Fernando, Pavel Lafata, Zubair Baig 205 $a1st ed. 2019. 210 1$aCham :$cSpringer International Publishing :$cImprint: Springer,$d2019. 215 $a1 online resource (1,636 pages) 225 1 $aLecture Notes on Data Engineering and Communications Technologies,$x2367-4520 ;$v26 311 08$a3-030-03145-4 327 $aSecurity Effect on AES in Terms of Avalanche Effect by using Alternate S-Box -- Enhanced Portable Customer Experience Using Community Computation in Offline Retail -- Cluster-Based Wireless Sensor Networks Using Ant Colony Optimization -- A Study on Cross-Layer TCP Performance in Wireless Ad Hoc Network -- Hyper Elliptic Curve based Homomorphic Encryption Scheme for Cloud Data Security -- Support Vector Neural Network and Principal Component Analysis for Fault Diagnosis of Analog Circuits -- Performance Evaluation of Symmetric Block Cipher RC6 with ECB and CBC Operation Modes -- An Improved Block-based Motion Estimation Algorithm for Compressing a Video -- Hierarchical View on Detection of Attacks in Closed Loop Control Systems -- Facial Expression Recognition System for Visually Impaired -- A Systematic Mapping Study of Content Based Filtering Recommender Systems -- Named Entity Recognition in Marathi Language -- Self Configurable Air Pollution Monitoring System Using IoT and Data Mining Techniques -- Novel Defence Scheme for Phishing Attacks in Mobile Phones -- New Automated Vehicle Crash Avoidance System Based on Dipping and RF Techniques. 330 $aThis book discusses data communication and computer networking, communication technologies and the applications of IoT (Internet of Things), big data, cloud computing and healthcare informatics. It explores, examines and critiques intelligent data communications and presents inventive methodologies in communication technologies and IoT. Aimed at researchers and academicians who need to understand the importance of data communication and advanced technologies in IoT, it offers different perspectives to help readers increase their knowledge and motivates them to conduct research in the area, highlighting various innovative ideas for future research. 410 0$aLecture Notes on Data Engineering and Communications Technologies,$x2367-4520 ;$v26 606 $aComputational intelligence 606 $aArtificial intelligence 606 $aComputational Intelligence 606 $aArtificial Intelligence 615 0$aComputational intelligence. 615 0$aArtificial intelligence. 615 14$aComputational Intelligence. 615 24$aArtificial Intelligence. 676 $a006.3 676 $a004.678 702 $aHemanth$b D. Jude$4edt$4http://id.loc.gov/vocabulary/relators/edt 702 $aFernando$b Xavier N.$4edt$4http://id.loc.gov/vocabulary/relators/edt 702 $aLafata$b Pavel$4edt$4http://id.loc.gov/vocabulary/relators/edt 702 $aBaig$b Zubair Ali$f1987-$4edt$4http://id.loc.gov/vocabulary/relators/edt 906 $aBOOK 912 $a9910484092303321 996 $aInternational Conference on Intelligent Data Communication Technologies and Internet of Things (ICICI) 2018$92851681 997 $aUNINA